000 00922nam a22003257a 4500
001 BR2024000552
003 BR-BrBNA
005 20240411144942.0
008 240411b bl.||||| |||| 00| 0 por d
040 _aBR-BrBNA
_bpor
041 _apor
072 _aE11 ; E50 ; B50
090 _aE11 BR2024000552
100 0 _aRondó Filho, Milton
110 _aInstituto Rio Branco, Brasília, DF (Brasil)
245 _aA política externa brasileira e a reforma agrária, de 1979 a 2006
260 _aBrasília, DF (Brasil)
_c2009
300 _a295 p.
500 _aIncludes several bibliographies
650 _aPOLÍTICA NACIONAL
650 _aREPRESENTAÇÃO DIPLOMÁTICA
650 _aREFORMA AGRÁRIA
650 _aSEGURANÇA ALIMENTAR
650 _aHISTÓRIA
650 _aMOVIMENTO SOCIAL
650 _aSOCIOLOGIA RURAL
650 _aLEGISLAÇÃO
909 _a202404
_bFernando
942 _cBK
999 _c299140
_d299140